00924nam a2200265Ia 450000100060000000300090000600800410001504000130005604000130006904100130008210000240009510000290011924500530014824500730020125000110027426000100028526000280029526000490032330000590037250001040043165000420053565000310057770000210060870000290062938829IT-RoPAU130308s9999 xx 000 0 und d aIT-RoPAU cIT-RoPAU aFRANCESE aConvert Jean-Claude gCodice Aut. SPICS: 17658 aAspects reglementaires de la documentation (Les) bNouvelles Technologies de la documentation et de L'Information (Les) a1a ed. aPARIS bDocumentation Francaise c1985 [1° Ed.:1985 - Ed.Ling.Originale:1985] a"72 p. (prefazione: no ; testo: 72 [pagine: 393-464])" aAspetti Regolamentari della documentazione mercati informatici Aspetti finanziari Aspetti Giuridici aPEDAGOGIA DELLA COMUNICAZIONE SOCIALE eCodice materia Spics: 3804 aVerani Henriette gCodice Aut. SPICS: 17657